000 00961nam a2200217Ia 4500
999 _c34902
_d34902
001 729
003 GE_BSU
005 20221222124356.0
008 181216s2000||||ge |||||||||||||| ||geo||
020 _a9992800534
040 _cGE_BSU
041 _ageo
080 _a347.7(0575.8) რ-72
100 _aროგავა, ზვიად
_99239
245 _aსაგადასახადო სამართლის საფუძვლები :
_bსახელმძღვ. პრაქტ. მუშაკებისა და სტუდ. /
_cზვიად როგავა ; [რედ.: ნუგზარ ქავთარაძე].
264 _aთბილისი :
_b ელფი,
_c2000.
300 _a453 გვ.;
_b 20 სმ.
653 _aსაგადასახადო სამართლი
700 _aქავთარაძე, ნუგზარ
_eრედაქტორი
_916526
942 _cBK
_2udc